Museo del Prado: Catálogo de pintura

Saved in:
Bibliographic Details
Main Author: Díaz Padrón, Matías (Author)
Format: Book
Language:Spanish
Published: Madrid Patronato Nacional de Museos 1975
Subjects:
Tags: Add Tag
No Tags, Be the first to tag this record!

MARC

LEADER 00000nam a2200000 a 4500
001 UCY8733
003 CL-VaPUC
008 950707e19750000SP |||||||||||||||||spa|d
082 0 4 |a 708.946  |b DIA  |2 21 
100 0 |a Díaz Padrón, Matías  |e author  |9 340399 
245 1 0 |a Museo del Prado: Catálogo de pintura 
300 |a v 
942 |c BK 
945 |d 19950707 00:00:00  |a rbrito 
260 |a Madrid  |b Patronato Nacional de Museos  |c 1975 
500 |a v.1: Escuela flamenca siglo XVII 
650 7 |a PINTURA FLAMENCA SIGLO 17  |2 CL-VaPUC  |9 340400 
650 7 |a PINTORES FLAMENCOS  |2 CL-VaPUC  |9 340401 
583 |a last modification  |c 20160810 05:00:45  |k Rodrigo Vera 
999 |c 235949  |d 235947 
952 |0 0  |1 0  |4 0  |6 708_946000000000000_DIA_1975  |7 0  |8 R  |9 243700  |a BIBART  |b BIBART  |d 2019-11-18  |h v.1  |i 3097390  |o 708.946 DIA 1975  |p 3097390  |r 2025-03-13  |w 2019-11-18  |y BK_R  |k ART 
952 |0 0  |1 0  |4 0  |6 708_946000000000000_DIA_1975  |7 0  |8 R  |9 243701  |a BIBART  |b BIBART  |d 2019-11-18  |h v.1  |i 3097404  |o 708.946 DIA 1975  |p 3097404  |r 2025-03-13  |w 2019-11-18  |y BK_R  |k ART